000 00394nam a2200145Ia 4500
008 240624s9999 xx 000 0 und d
041 _aeng
082 _a658.5 MON
100 _aMONKS JOSEPH G
245 _aSCHAUM S OUTLINES OF THEORY AND PROBLEMS OF OPERATIONS M
250 _a(2nd ed.)
260 _c2004
_aNew Delhi
_bTata McGrawhill
300 _aviii, : 429 : p. : cm. ; 28
365 _cRS
999 _c1105
_d1105